Medical-surgical Nursing;Concepfs for interprofessional collaborative care (Record no. 2842)

MARC details
000 -LEADER
fixed length control field 00442nam a22001577a 4500
008 - FIXED-LENGTH DATA ELEMENTS--GENERAL INFORMATION
fixed length control field 250404b |||||||| |||| 00| 0 eng d
020 ## - INTERNATIONAL STANDARD BOOK NUMBER
ISBN 9780323749640
100 ## - MAIN ENTRY--AUTHOR
Author Ignatavigus Donna A.
245 ## - TITLE STATEMENT
Title Medical-surgical Nursing;Concepfs for interprofessional collaborative care
250 ## - EDITION STATEMENT
Edition statement 10th
260 ## - PUBLICATION, DISTRIBUTION, ETC. (IMPRINT)
Place of publication Missouri
Name of publisher Elsevier
Date of publication 2018
300 ## - COLLATION
Pagination xxxii,1523p
650 ## - TRACINGS
Main Subject Nursing
Subdivision (1st) Surgical Nursing
942 ## - ADDED ENTRY ELEMENTS (KOHA)
Item type Books
050 ## - LIBRARY OF CONGRESS CALL NUMBER
Classification number RT41
Item number .I36
Holdings
Source of classification or shelving scheme Not for loan Permanent location Current location Date acquired Accession No. Full call number Barcode. Koha item type
Library of Congress Classification   Medical Library Medical Library 04/04/2025 2024/64130 RT41.I36 2025-1153 Books